000 00630nam a2200205 a 4500
001 000013979
005 20240530073917.0
008 091202s2002 dr 000 f spa d
020 _a9993455245
040 _aDO-SdBNP
_bspa
_cBNPHU
082 _aRD863.44
_bU42p
100 1 _aUlloa, Alberto,
_d1950-2011
_958552
245 1 0 _aPasiones y muertes de Pedro Tormenta /
_cAlberto Ulloa.
260 _aSanto Domingo :
_bCorripio,
_c2002.
300 _a163 p. ;
_c23 cm.
590 _aInventariado, 2020 /LP
650 0 _aNovela dominicana
_9223
650 0 _aLiteratura dominicana.
_967
700 _aCastro, Tomás,
_d1959-
_eed.
_924641
999 _c13583
_d13583